000
00254nam a2200097Ia 4500
001
1250237
005
20251031150852.0
008
251031s9999 xx 000 0 und d
245
0
_c
AYŞE KULİN
_a
A-1 DÜRBÜNÜMDE KIRK SENDE
260
_b
EVEREST YAYINLARI
999
_c
1250237
_d
1250237